| 000 | 00000nam 2200000za 4500 |
| 001 | 9.661080 |
| 003 | CaOODSP |
| 005 | 20210913142335 |
| 007 | ta |
| 008 | 150407s1999 oncd f000 0 fre d |
| 020 | |a0-662-64311-9 |
| 040 | |aCaOODSP|bfre |
| 041 | |aeng |
| 041 | |afre |
| 043 | |an-cn--- |
| 086 | 1 |aC2-441/1999 |
| 110 | 1 |aCanada. |bConseil consultatif des sciences et de la technologie. |
| 245 | 10|aLes investissements publiques dans la recherche universitaire: comment les faire fructifier : |brapport du Groupe d'experts sur la commercialisation des résultats de la recherche universitaire |
| 260 | |aOttawa - Ontario : |bIndustrie Canada. |c1999. |
| 300 | |aTexte français, viii, 53p. : |bgraphiques, références, tableaux ; |c28 cm. |
| 546 | |aBilingue |
| 563 | |aCouverture souple |
| 590 | |a01-35|b2001-08-31 |
| 691 | 07|aUniversité|2gcpds |
| 691 | 07|aRecherche|2gcpds |
| 691 | 07|aSubvention de recherche|2gcpds |
| 691 | 07|aMarketing|2gcpds |
| 776 | 0#|tLes investissements publics dans la recherche universitaire : comment les faire fructifier : |w(CaOODSP)9.639297 |
| 776 | 0#|tPublic investments in university research - reaping the benefits : |w(CaOODSP)9.695153 |
| 791 | |tPublic investments in university research: reaping the benefits : |eeng|w(CaOODSP)9.661079 |